00349nam a2200157Ia 4500008004100000020001500041041001200056082001100068100001400079245002200093250000800115260002500123300000800148650001600156700001900172221030s9999 xx 000 0 und d a0074603183 aEnglish a105.23 aM. K. Roy 0aCobol Programming a2nd bTMHaNew Delhic2006 a496 aBB Computer aD. G. Dastidar